00390pab a2200145 454500008004000000100002200040245005000062260000900112300001600121362001000137650001400147650002400161700002500185773003400210180718b2006 xxu||||| |||| 00| 0 eng d aBhandari, Laveesh aIncome differentials and returns to education c2006 ap.3893-900. a9 Sep aEducation aIncome distribution aBordoloi, Mridusmita aEconomic and Political Weekly